Vế khả năng khử NH4+, NO3-, và PO4 3- trong nước của một số loài thực vật thủy sinh /

Αποθηκεύτηκε σε:
Λεπτομέρειες βιβλιογραφικής εγγραφής
Κύριος συγγραφέας: Lê Quốc Tuấn.
Άλλοι συγγραφείς: Trần Văn Nhị
Μορφή: Άρθρο
Γλώσσα:Vietnamese
Ετικέτες: Προσθήκη ετικέτας
Δεν υπάρχουν, Καταχωρήστε ετικέτα πρώτοι!
Thư viện lưu trữ: Thư viện Trường Đại học Đà Lạt
LEADER 00759nam a2200241 4500
001 DLU120144554
005 ##20121211
040 # # |a DLU  |b vie 
041 # # |a vie 
044 # # |a vn 
100 # # |a Lê Quốc Tuấn. 
245 # # |a Vế khả năng khử NH4+, NO3-, và PO4 3- trong nước của một số loài thực vật thủy sinh /  |c Lê Quốc Tuấn, Trần Văn Nhị. 
700 # # |a Trần Văn Nhị 
773 # # |t Kỷ yếu Annual Report 1998,   |g  2000, tr. 356-365 
920 # # |a Phòng Tạp chí -- Trung tâm Thông tin - Thư viện Trường Đại học Đà Lạt 
994 # # |a DLU 
900 # # |a True 
911 # # |a Nguyễn Thị Mai Anh 
925 # # |a G 
926 # # |a A 
927 # # |a BB 
980 # # |a Thư viện Trường Đại học Đà Lạt